| 000 | 00585 a2200181 4500 | ||
|---|---|---|---|
| 999 |
_c4983 _d4983 |
||
| 010 | _aENG-86683 | ||
| 020 |
_c225.00 _a8178241137 |
||
| 035 | _aEN-70216,B-129067 | ||
| 037 | _bDBAD / PUB | ||
| 082 | 1 | 4 | _a808.84 |
| 245 | 1 |
_aAmitav Ghosh : _cedited by Tabish Khair _ba critical companion / |
|
| 260 |
_aDelhi _bPermanent Black _c2006 |
||
| 270 |
_aD-28, Oxford Apartments, 11, I. P. Extension _bDelhi _e110 092 |
||
| 300 |
_aviii, 185 p _c22 cm (Pbk) |
||
| 500 | _aIncludes bibliographical references | ||
| 700 | 1 | _aKhair, Tabish | |
| 942 |
_adpl _cEN _2ddc _h808.84 _mAMI |
||